El gran espectáculo del cielo. Ocho visiones del universo desde la Antigüedad a nuestros días

Сохранить в:
Библиографические подробности
Главный автор: Bersanelli, Marco (autor)
Формат:
Язык:испанский
Опубликовано: Madrid, España: Ediciones Encuentro S.A, 2018
Серии:Colección Y
Предметы:
Метки: Добавить метку
Нет меток, Требуется 1-ая метка записи!

MARC

LEADER 00000cam a2200000 a 4500
001 UCC8209
003 CL-VaPUC
005 20211215114818.0
008 190607e20180000sp |||||||||||||||||spa|d
999 |c 374582  |d 374580 
020 |a 9788490559338 
040 |c Pontificia Universidad Católica de Valparaíso 
082 0 4 |a 113 BER 2018  |2 21 
100 |a Bersanelli, Marco  |e autor  |9 602871 
245 1 3 |a El gran espectáculo del cielo.   |b Ocho visiones del universo desde la Antigüedad a nuestros días 
260 |a Madrid, España:  |b Ediciones Encuentro S.A,  |c 2018 
300 |a 267 páginas  
440 |a Colección Y  |9 856741 
583 |a last modification  |c 20190607 12:44:00  |k Rodrigo Vera 
650 0 |a Cosmología  |9 269138 
650 0 |a Filosofía de la naturaleza  |9 265899 
650 0 |a Filosofía de las ciencias  |9 256466 
852 |a BIBTEO 
942 |c BK  |2 ddc 
945 |d 20190607 12:44:00  |a dcastane 
952 |0 0  |1 0  |3 erb  |4 0  |6 113_000000000000000_BER_2018  |7 0  |8 A  |9 493194  |a BIBTEO  |b BIBTEO  |d 2019-06-06  |e 8  |g 21000.00  |i 5551390  |o 113 BER 2018  |p 5551390  |r 2025-01-17  |v 21000.00  |w 2019-11-24  |y BK  |z Catalogado en:20190607  |k ICR